000 00481nam a2200145Ia 4500
008 140724s9999 xx 000 0 und d
050 _aTX 911.3.M27
_b.P522 2013
100 _aPeñafiel, Mariama Shona D.
245 _aNature's Bliss Wellness Resort /
_cMariama Shona D. Peñasfiel.
260 _aLas Piñas, Philippines :
_bSouthville International School and Colleges,
_cc2013.
300 _a81 p. :
_bcol. ill. ;
_c28 cm.
521 _aTourism
942 _cTH
999 _c229169
_d229169